000 00897nam a2200337Ia 4500
008 170203s9999 xx 000 0 und d
020 _a1581850158
050 _a0 30
050 _bUe22a 1998
100 _aUebelacker, Erich.
245 4 _aThe universe :
245 _bto the limits of space and time /
245 _cby Erich Uebelacker ; illustrated by
260 _aNuremberg, Germany :
260 _bTessloff Pub.
260 _c1998
300 _a48 pages :
300 _billustrations, maps ;
300 _c28 cm.
440 _aStart me up!
440 _vvol. 7
650 _aCosmology --
650 _aCosmology.
650 _aOuter space --
650 _aOuter space.
650 _aUniverse.
650 _xJuvenile literature.
650 _xJuvenile literature.
700 _aKnappe, Joachim, Illustrator.
700 _aKostka, Manfred, Illustrator.
999 _c305613
_d305613